Flagi państw z Ameryki Południowej - Statystyki

Ogólne statystyki
  • Ten quiz został rozwiązany 233 razy
  • Średni wynik to 11 z 12
Statystyki odpowiedzi
Obrazkowy Odpowiedź % Poprawnych
Brazylia
100%
Kolumbia
97%
Argentyna
93%
Chile
92%
Peru
92%
Wenezuela
89%
Ekwador
88%
Urugwaj
86%
Boliwia
85%
Paragwaj
85%
Gujana
77%
Surinam
77%
Nie znaleziono quizów pasujących do podanych kryteriów
Rozkład punktacji
Procent ludzi z każdym wynikiem
Percentyl według liczby udzielonych odpowiedzi
Twoja historia wyników
Nie rozwiązałeś tego quizu